000
00294nam a2200133Ia 4500
100
_a
Williams/ Dave
942
_c
BK
654
_a
Technical Reference
245
_a
Programmers Technical Reference
260
_b
Galgotia
_a
New Delhi
_c
1993
300
_a
752
546
_a
ENGLISH
999
_c
28154
_d
28154